[Event "DEM U16 2024"]
[Site "Willingen GER"]
[Date "2024.05.20"]
[Round "3"]
[White "Krüger, Arthur"]
[Black "Asmussen, Johann"]
[Result "1-0"]
[Termination "normal"]
[Board "13"]
[WhiteElo "1958"]
[BlackElo "1568"]
[WhiteClock "00:29:08"]
[BlackClock "00:44:15"]
[PlyCount "59"]
[WhiteFideId "16244966"]
[BlackFideId "16273486"]
[EventCountry "GER"]
[EventRounds "9"]
[EventType "swiss"]
[EventDate "2024.05.18"]

1. d4 {[%clk 01:30:56]} {[%emt 00:00:02]} d5 {[%clk 01:30:56]} {[%emt
00:00:05]} 2. Nf3 {[%clk 01:31:23]} {[%emt 00:00:03]} Nf6 {[%clk 01:30:02]}
{[%emt 00:01:24]} 3. c3 {[%clk 01:30:42]} {[%emt 00:01:11]} Bf5 {[%clk
01:28:07]} {[%emt 00:02:25]} 4. Qb3 {[%clk 01:30:50]} {[%emt 00:00:21]} b6
{[%clk 01:24:55]} {[%emt 00:03:43]} 5. Bf4 {[%clk 01:30:27]} {[%emt 00:00:52]}
e6 {[%clk 01:24:27]} {[%emt 00:00:58]} 6. Qa4+ {[%clk 01:30:16]} {[%emt
00:00:41]} Nbd7 {[%clk 01:22:03]} {[%emt 00:02:55]} 7. Qc6 {[%clk 01:30:03]}
{[%emt 00:00:43]} Rc8 {[%clk 01:20:57]} {[%emt 00:01:36]} 8. e3 {[%clk
01:29:25]} {[%emt 00:01:06]} Be7 {[%clk 01:19:36]} {[%emt 00:01:52]} 9. Ba6
{[%clk 01:29:18]} {[%emt 00:00:38]} O-O {[%clk 01:12:09]} {[%emt 00:07:57]} 10.
Bxc8 {[%clk 01:29:11]} {[%emt 00:00:36]} Qxc8 {[%clk 01:11:31]} {[%emt
00:01:09]} 11. Qa4 {[%clk 01:26:59]} {[%emt 00:02:42]} Qb7 {[%clk 01:07:08]}
{[%emt 00:04:52]} 12. O-O {[%clk 01:26:22]} {[%emt 00:01:07]} c5 {[%clk
01:06:46]} {[%emt 00:00:52]} 13. h3 {[%clk 01:23:34]} {[%emt 00:03:18]} c4
{[%clk 01:04:43]} {[%emt 00:02:34]} 14. Qd1 {[%clk 01:01:55]} {[%emt 00:22:06]}
Bd3 {[%clk 01:00:02]} {[%emt 00:05:14]} 15. Re1 {[%clk 01:02:13]} {[%emt
00:00:12]} Ne4 {[%clk 01:00:14]} {[%emt 00:00:17]} 16. Ne5 {[%clk 00:53:11]}
{[%emt 00:09:32]} Ndf6 {[%clk 00:58:54]} {[%emt 00:01:50]} 17. Nxd3 {[%clk
00:52:54]} {[%emt 00:00:48]} cxd3 {[%clk 00:58:46]} {[%emt 00:00:38]} 18. Qxd3
{[%clk 00:49:43]} {[%emt 00:03:40]} Rc8 {[%clk 00:57:36]} {[%emt 00:01:40]} 19.
f3 {[%clk 00:49:01]} {[%emt 00:01:12]} Nd6 {[%clk 00:57:43]} {[%emt 00:00:23]}
20. Nd2 {[%clk 00:46:58]} {[%emt 00:02:33]} Qd7 {[%clk 00:54:29]} {[%emt
00:03:42]} 21. e4 {[%clk 00:45:33]} {[%emt 00:01:57]} dxe4 {[%clk 00:54:44]}
{[%emt 00:00:16]} 22. fxe4 {[%clk 00:45:54]} {[%emt 00:00:09]} Nb7 {[%clk
00:52:43]} {[%emt 00:02:29]} 23. Rf1 {[%clk 00:43:38]} {[%emt 00:02:47]} Na5
{[%clk 00:51:48]} {[%emt 00:01:26]} 24. Qf3 {[%clk 00:39:43]} {[%emt 00:04:24]}
Nc6 {[%clk 00:50:50]} {[%emt 00:01:28]} 25. Bg5 {[%clk 00:36:37]} {[%emt
00:03:36]} h6 {[%clk 00:45:50]} {[%emt 00:05:29]} 26. Bxf6 {[%clk 00:34:11]}
{[%emt 00:02:58]} Bxf6 {[%clk 00:45:58]} {[%emt 00:00:22]} 27. e5 {[%clk
00:34:05]} {[%emt 00:00:35]} Bd8 {[%clk 00:45:05]} {[%emt 00:01:22]} 28. Ne4
{[%clk 00:33:41]} {[%emt 00:00:55]} Bc7 {[%clk 00:44:43]} {[%emt 00:00:53]} 29.
Qg4 {[%clk 00:28:48]} {[%emt 00:05:22]} Rf8 {[%clk 00:44:15]} {[%emt 00:00:58]}
30. Nf6+ {[%clk 00:29:08]} {[%emt 00:00:11]} 1-0